| 000 | 00625nam a2200229Ia 4500 | ||
|---|---|---|---|
| 003 | OSt | ||
| 005 | 20230602092847.0 | ||
| 008 | 210423s2014 xx 000 0 und d | ||
| 020 | _a978-93-81138-91-5 | ||
| 040 | _cAL | ||
| 041 | _aeng | ||
| 082 | _a361.3072 FERR | ||
| 100 |
_aFERNANDEZ (Alex.B);GEETHAKUMARI (K) _9118483 |
||
| 245 | _aResearch methods in social work | ||
| 260 |
_aDelhi _bPacific Books International _c2014 |
||
| 300 |
_av,274 _bHB |
||
| 365 |
_b995 _cINR |
||
| 650 |
_aSocial Sciences _9118484 |
||
| 650 |
_aSocial Work _9118485 |
||
| 906 | _amethods ; Research ; social ; work | ||
| 942 |
_2ddc _cBK |
||
| 999 |
_c176426 _d176426 |
||